Kaju Shikenjō hōkoku. Bulletin of the Fruit Tree Research Station. Series B, (Okitsu). B, (Okitsu) =

Bibliographic Details
New Title:Kaju Shikenjō hōkoku. A (Hiratsuka)
Kaju Shikenjō hōkoku. C (Morioka)
Kaju Shikenjō hōkoku. D (Kuchinotsu)
Kaju Shikenjō hōkoku. E (Akitsu)
Kaju Shikenjō hōkoku (1990)
Previous Title:Engei Shikenjō hōkoku. B, (Okitsu)
Corporate Author: Nōrin Suisanshō Kaju Shikenjō (Japan). Okitsu Shijō
Format: Serial
Language:Multiple languages
Japanese
English
Language Notes:Japanese or English.
Published: Shimizu : Kaju Shikenjō Okitsu Shijō, [1974-1989]
Subjects:
Online Availability: Check for online availability

MARC

Tag First Indicator Second Indicator Subfields
LEADER 00000cas a2200000 a 4500
001 in00000076951
005 20151008055010.0
008 760129d19741989ja uu f0uuud0mulm
010 |a  75646795  
022 |a 0302-0096 
035 |a (OCoLC)02243310 
035 |9 AAJ2276AM 
040 |a DLC  |c DLC  |d TXA  |d UtOrBLW 
041 0 |a jpn  |a eng 
042 |a lc 
043 |a a-ja--- 
049 |a TXAE 
090 |a SB13  |b .E52 
245 0 0 |a Kaju Shikenjō hōkoku.  |n B,  |p (Okitsu) =  |b Bulletin of the Fruit Tree Research Station. Series B, (Okitsu). 
246 3 1 |a Bulletin of the Fruit Tree Research Station  |n Series B,  |p (Okitsu) 
246 3 1 |a Bulletin of the Fruit Tree Research Station. Series B, (Okitsu). 
264 1 |a Shimizu :  |b Kaju Shikenjō Okitsu Shijō,  |c [1974-1989] 
300 |a 16 volumes: illustrations ;  |c 26 cm. 
336 |a text  |b txt  |2 rdacontent 
337 |a unmediated  |b n  |2 rdamedia 
338 |a volume  |b nc  |2 rdacarrier 
362 0 |a No. 1-no. 16 (Mar. 1989). 
500 |a Description based on: Number 6 (Mar. 1979). 
510 0 |a Chemical abstracts  |x 0009-2258  |b -1987 
510 0 |a Bibliography of agriculture  |x 0006-1530 
546 |a Japanese or English. 
580 |a Merged with: Kaju Shikenjō hōkoku. A, C, D, and E to form: Kaju Shikenjō hōkoku (1990). 
610 2 0 |a Nōrin Suisanshō Kaju Shikenjō (Japan).  |b Okitsu Shijō. 
650 0 |a Fruit-culture  |z Japan  |x Periodicals. 
710 2 |a Nōrin Suisanshō Kaju Shikenjō (Japan).  |b Okitsu Shijō. 
780 0 0 |t Engei Shikenjō hōkoku. B, (Okitsu) 
785 1 7 |t Kaju Shikenjō hōkoku. A (Hiratsuka)  |w (OCoLC)2253296 
785 1 7 |t Kaju Shikenjō hōkoku. C (Morioka)  |w (OCoLC)2253295 
785 1 7 |t Kaju Shikenjō hōkoku. D (Kuchinotsu)  |w (OCoLC)4116528 
785 1 7 |t Kaju Shikenjō hōkoku. E (Akitsu)  |w (OCoLC)3084852 
785 1 7 |t Kaju Shikenjō hōkoku (1990)  |w (OCoLC)22186291 
948 |a T1b 
999 |a MARS 
999 f f |s ebb6c500-08fa-3e14-a558-db93a47294cb  |i ac6c7e4c-856e-35fe-9692-d5ca921b9dd9  |t 0 
952 f f |a Texas A&M University  |b Rellis Campus  |c Joint Library Facility  |d Remote Storage  |e SB13 .E52  |h Library of Congress classification  |i unmediated -- volume  |k no.15  |l 1988  |m A14811291629  |p ric  |s JLF  |t 0 
952 f f |a Texas A&M University  |b Rellis Campus  |c Joint Library Facility  |d Remote Storage  |e SB13 .E52  |h Library of Congress classification  |i unmediated -- volume  |k no.14  |l 1987  |m A14851101387  |p ric  |s JLF  |t 0 
952 f f |a Texas A&M University  |b Rellis Campus  |c Joint Library Facility  |d Remote Storage  |e SB13 .E52  |h Library of Congress classification  |i unmediated -- volume  |k no.6  |l 1979  |m A14813874407  |p ric  |s JLF  |t 0 
952 f f |a Texas A&M University  |b Rellis Campus  |c Joint Library Facility  |d Remote Storage  |e SB13 .E52  |h Library of Congress classification  |i unmediated -- volume  |k no.10  |l 1983  |m A14808740619  |p ric  |s JLF  |t 0 
952 f f |a Texas A&M University  |b Rellis Campus  |c Joint Library Facility  |d Remote Storage  |e SB13 .E52  |h Library of Congress classification  |i unmediated -- volume  |k no.11  |l 1984  |m A14808743293  |p ric  |s JLF  |t 0 
952 f f |a Texas A&M University  |b Rellis Campus  |c Joint Library Facility  |d Remote Storage  |e SB13 .E52  |h Library of Congress classification  |i unmediated -- volume  |k no.9  |l 1982  |m A14822055620  |p ric  |s JLF  |t 0 
952 f f |a Texas A&M University  |b Rellis Campus  |c Joint Library Facility  |d Remote Storage  |e SB13 .E52  |h Library of Congress classification  |i unmediated -- volume  |k no.8  |l 1981  |m A14822055670  |p ric  |s JLF  |t 0 
952 f f |a Texas A&M University  |b Rellis Campus  |c Joint Library Facility  |d Remote Storage  |e SB13 .E52  |h Library of Congress classification  |i unmediated -- volume  |k no.13  |l 1986  |m A14809738445  |p ric  |s JLF  |t 0 
952 f f |a Texas A&M University  |b Rellis Campus  |c Joint Library Facility  |d Remote Storage  |e SB13 .E52  |h Library of Congress classification  |i unmediated -- volume  |k no.12  |l 1985  |m A14808246990  |p ric  |s JLF  |t 0 
998 f f |a SB13 .E52  |s no.8-15 (1981-1988)  |t 0  |l Remote Storage